LEADER 02397namaa2200469 i 4500 001 000000178697 003 CaOOAMICUS 005 20260506092906.0 007 tu 008 260505s2026 it 000 u ita r 020 $a978-88-08-42080-0*(v.1) 020 $a978-88-08-23033-1*(v.2) 040 $aPUL$bita$erda 082 0 $a346.4507 245 10$aCodice della crisi d'impresa e dell'insolvenza :$bD.Lgs. 12 gennaio 2019, n. 14 /$ca cura di Antonio Carratta. 264 4$c©2026. 264 1$aBologna :$bZanichelli,$c2026. 300 $aXXII, 441 pagine$c24 cm 336 $atesto$btxt$2rdacontent 337 $asenza mediazione$bn$2rdamedia 338 $avolume$bnc$2rdacarrier 490 1 $aCommentario del codice civile e codici collegati Scialoja-Branca-Galgano$aD.Lgs. 12 gennaio 2019, n. 14 ;$vArt. 1-219 500 $aTitolo sul dorso 504 $aContiene riferimenti bibliografici e indice. 505 00$aTomo I art. 1-83 -- Tomo II art. 84-219 650 4$aCodice civile.$0(OLS)http://pul/subject/2361 650 4$aDiritto delle società.$0(OLS)http://pul/subject/47152 650 4$aImpresa in difficoltà.$0(OLS)http://pul/subject/47154 700 1 $aCarratta, Antonio,$d1965-,$ecuratore.$0(OLS)http://pul/name/75067 700 1 $aAgostinelli, Benedetta,$d1975-,$ecollaboratore.$0(OLS)http://pul/name/82758 830 0$aCommentario del codice civile e codici collegati Scialoja-Branca-Galgano$bD.Lgs. 12 gennaio 2019, n. 14 ;$vArt. 1-219.$0(OLS)http://pul/title/220274 850 $aPUL 852 $aPUL$W1$xSL Diritto e Scienze Sociali 3$y79$m346. 45 COLL 7.83$j202480$a1.vol$qDDC 21$B207890$CPULBib$Z2$F207890 $H138578 $82 852 $aPUL$W1$xSL Diritto e Scienze Sociali 3$y79$m346. 45 COLL 7.84$j202481$qDDC 21$q$a2.vol$B207891$CPULBib$Z2$F207891 $H138579 $82 941 1 $a9 996 $6020$a978-88-08-42080-0*(v.1)$9(OLS)http://pul/number/170956 996 $6020$a978-88-08-23033-1*(v.2)$9(OLS)http://pul/number/170957 996 $6082$a346.4507$9(OLS)http://pul/classification/1803 996 $6245$aCodice della crisi d'impresa e dell'insolvenza :$bD.Lgs. 12 gennaio 2019, n. 14$9(OLS)http://pul/title/220273 996 $6264$aBologna :$bZanichelli$9(OLS)http://pul/publisher/48255 996 $6264$a[S.l.] :$b[s.n.]$9(OLS)http://pul/publisher/0